Statistics for Line of Succession to the British Throne

Click here to take the quiz!

General Stats

  • This quiz has been taken 114 times
    (73 since last reset)
  • The average score is 12 of 15

Answer Stats

NumberTitleName% Correct
1Prince of WalesCharles
98%
6Duke of SussexHarry
98%
2Duke of CambridgeWilliam
98%
3Prince of CambridgeGeorge
97%
4Princess of CambridgeCharlotte
90%
8Duke of YorkAndrew
85%
14Princess RoyalAnne
82%
5Prince of CambridgeLouis
82%
11Earl of WessexEdward
79%
7N/AArchie
75%
10Princess of YorkEugenie
74%
9Princess of YorkBeatrice
72%
12Viscount SevernJames
56%
13LadyLouise
54%
15N/APeter
51%

Score Distribution

Percentile by Number Answered

Percent of People with Each Score

Your Score History

You have not taken this quiz since the last reset